Perspektívy ďalšieho rozvoja systému riadenia akosti výrobkov 17. celoštátna konferencia o riadení akosti výrobkov

Guardado en:
Detalles Bibliográficos
Formato: Libro
Lenguaje:eslovaco
Publicado: Bratislava Dom techniky ČSVTS 1984
Etiquetas: Agregar Etiqueta
Sin Etiquetas, Sea el primero en etiquetar este registro!

MARC

LEADER 00000nam a2200000 4500
001 c114981
005 20041019155200.1
041 0 |a slo 
044 |a SK 
245 1 0 |a Perspektívy ďalšieho rozvoja systému riadenia akosti výrobkov  |b 17. celoštátna konferencia o riadení akosti výrobkov 
264 1 |a Bratislava  |b Dom techniky ČSVTS  |c 1984 
300 |a 149 s.